00395nam a2200157Ia 450000500170000000800410001702000150005805000260007310000180009924500480011726000300016530000210019544000060021652100070022252600080022920140407091551.0140130s9999 xx 000 0 und d a0439662133 aSF 76.5 b.Z86Tr 2005 aZullo, Allan  cAllan Zullo.aTrue tales of Animal Heroes / bScholastic,c2005.aUSA : a125 p. :c20 cm. v1 aG5 c780